[Event "CAN-ch University"]
[Site "Ottawa"]
[Date "2018.01.13"]
[Round "1"]
[White "Yao, Houji"]
[Black "Nah, James"]
[Result "1-0"]
[WhiteElo "2096"]
[BlackElo "1595"]
[PlyCount "117"]
[EventDate "2018.01.13"]
[EventType "swiss"]
[EventRounds "5"]
[EventCountry "CAN"]
[SourceTitle "EXT 2022"]
[Source "ChessBase"]
[SourceDate "2021.10.06"]
[SourceVersion "1"]
[SourceVersionDate "2021.10.06"]
[SourceQuality "1"]

1. e4 d5 2. exd5 Qxd5 3. Nc3 Qe5+ 4. Be2 c6 5. d4 Qc7 6. Nf3 Nf6 7. 0-0 Bg4 8. Ne5 Bxe2 9. Qxe2 e6 10. Bg5 Nbd7 11. f4 h6 12. Bh4 Be7 13. f5 exf5 14. Nc4 g5 15. Rae1 0-0-0 16. Qxe7 gxh4 17. Qd6 Rhg8 18. Rxf5 Rg6 19. Qxc7+ Kxc7 20. Ne5 Nxe5 21. dxe5 Rd2 22. Rxf6 Rgxg2+ 23. Kf1 Rxh2 24. Rxf7+ Kd8 25. Rg7 h3 26. e6 Rdg2 27. Rxg2 hxg2+ 28. Kf2 Rh1 29. Rg1 Ke7 30. Kxg2 Rxg1+ 31. Kxg1 Kxe6 32. Kf2 Ke5 33. Kf3 b5 34. Ne2 c5 35. Ke3 a5 36. c3 h5 37. Nf4 b4 38. cxb4 axb4 39. Nxh5 Kd5 40. Nf4+ Kc4 41. Ke4 Kb5 42. Kd3 Kc6 43. Kc4 Kb6 44. Nd3 b3 45. a3 Ka5 46. Nxc5 Kb6 47. Nxb3 Ka6 48. Nc5+ Ka5 49. b4+ Kb6 50. a4 Ka7 51. a5 Ka8 52. b5 Ka7 53. Kd5 Ka8 54. Kd6 Kb8 55. a6 Ka7 56. Kc6 Ka8 57. Kc7 Ka7 58. b6+ Ka8 59. b7+ 1-0